[Event "IND-ch U13 Girls 35th"]
[Site "Puducherry"]
[Date "2022.12.11"]
[Round "1"]
[White "Jalawadi, Nandika"]
[Black "Sani, Deshpande"]
[Result "1-0"]
[WhiteElo "1100"]
[BlackElo "1482"]
[PlyCount "43"]
[EventDate "2022.12.11"]
[EventType "swiss"]
[EventRounds "11"]
[EventCountry "IND"]
[SourceTitle "EXT 2024"]
[Source "ChessBase"]
[SourceDate "2023.10.10"]
[SourceVersion "1"]
[SourceVersionDate "2023.10.10"]
[SourceQuality "1"]

1. e4 c5 2. Nf3 Nc6 3. d4 cxd4 4. Nxd4 Nf6 5. Nc3 e5 6. Nf3 Bb4 7. Bd3 d5 8. exd5 Nxd5 9. Bd2 Nxc3 10. bxc3 Be7 11. 0-0 0-0 12. h3 Be6 13. Re1 f6 14. Qe2 Qc7 15. c4 Rad8 16. Rad1 Rfe8 17. Be4 Nd4 18. Nxd4 Rxd4 19. Qh5 f5 20. Qxe8+ Bf8 21. Qxe6+ Kh8 22. Qxf5 1-0

[Event "IND-ch U19 Girls"]
[Site "Pune"]
[Date "2022.07.19"]
[Round "10"]
[White "Sani, Deshpande"]
[Black "Velpula, Sarayu"]
[Result "1/2-1/2"]
[WhiteElo "1417"]
[BlackElo "1965"]
[PlyCount "90"]
[EventDate "2022.07.12"]
[EventType "swiss"]
[EventRounds "11"]
[EventCountry "IND"]
[SourceTitle "EXT 2023"]
[Source "ChessBase"]
[SourceDate "2022.10.05"]
[SourceVersion "1"]
[SourceVersionDate "2022.10.05"]
[SourceQuality "1"]

1. e4 c5 2. Nf3 d6 3. Bb5+ Nd7 4. 0-0 a6 5. Bd3 Ngf6 6. c3 b5 7. Bc2 Bb7 8. Re1 c4 9. d4 cxd3 10. Bxd3 e6 11. Bf4 Be7 12. Nbd2 0-0 13. Rc1 Rc8 14. Qe2 Re8 15. a4 bxa4 16. Bxa6 Bxa6 17. Qxa6 Nc5 18. Qe2 e5 19. Bg5 d5 20. Red1 Qb6 21. exd5 e4 22. Ne5 Nxd5 23. Ndc4 Qe6 24. Bxe7 Rxe7 25. Rc2 Nf4 26. Qg4 Nfd3 27. Qxe6 Rxe6 28. Ng4 Nb3 29. Nge3 f5 30. Na3 f4 31. Nd5 g5 32. Re2 Nbc5 33. Nb5 Rd8 34. c4 Kf7 35. Nd4 Ra6 36. Nb5 Ne5 37. Nbc7 Rc6 38. Rc1 Nb3 39. Rce1 Nc5 40. Rc1 Ned3 41. Rd1 Nxb2 42. Rxb2 Rxc7 43. Ra1 Rc6 44. Kf1 Nb3 45. Rxa4 Nc5 1/2-1/2